LEADER 01044nam a2200301 i 4500 001 991000959619707536 005 20020507104429.0 008 960427s1972 de ||| | eng 035 $ab10153810-39ule_inst 035 $aLE00639788$9ExL 040 $aDip.to Fisica$bita 084 $a510.31 084 $a515'.7 084 $aQA331 100 1 $aLandkof, Naum Samoilovic $041551 245 10$aFoundations of modern potential theory /$cN. Landkof ; translated from the russian by A.P. Doohovskoy 250 $a2nd ed. 260 $aBerlin :$bSpringer,$c1972 300 $ax, 424 p. ;$c24 cm. 650 4$aFunctions of complex variables 650 4$aPotential theory 700 1 $aDoohovskoy, A.P. 907 $a.b10153810$b21-09-06$c27-06-02 912 $a991000959619707536 945 $aLE006 510.30+510.31 LAN$g1$i2006000020732$lle006$o-$pE0.00$q-$rl$s- $t0$u0$v0$w0$x0$y.i10186050$z27-06-02 996 $aOsnovy sovremennoi teorii potenciala$935017 997 $aUNISALENTO 998 $ale006$b01-01-96$cm$da $e-$feng$gde $h0$i1